How the García Girls lost their accents /
Gespeichert in:
| 1. Verfasser: | |
|---|---|
| Format: | Unbekannt |
| Sprache: | English |
| Veröffentlicht: |
Estados Unidos :
Penguin books,
1992.
|
| Schlagworte: | |
| Tags: |
Tag hinzufügen
Keine Tags, Fügen Sie den ersten Tag hinzu!
|
MARC
| LEADER | 000000000a22000000004500 | ||
|---|---|---|---|
| 001 | 002817 | ||
| 020 | |a 0452268060 | ||
| 041 | 0 | |a eng | |
| 082 | 0 | 4 | |a 813.54 |b A445h |
| 100 | 1 | |a Álvarez, Julia | |
| 245 | 1 | 0 | |a How the García Girls lost their accents / |c Julia Álvarez. |
| 260 | 1 | |a Estados Unidos : |b Penguin books, |c 1992. | |
| 300 | |a 290 páginas ; |c 20 cm. | ||
| 500 | |a La biblioteca contiene dos ejemplares | ||
| 650 | 4 | |a LITERATURA DOMINICANA | |
| 650 | 4 | |a NOVELA | |
| 650 | 4 | |a LITERATURA CHICANA | |
| 999 | |c 9170 |d 9170 | ||
| 942 | |c BK |h 813.54 A445h |2 z | ||



